Colombia History Quiz 2025 - Statistics

General Stats
  • This quiz has been taken 89 times
  • The average score is 9 of 15
Answer Stats
Hint Answer % Correct
Capital Bogota
86%
Biggest Enemy Venezuela
86%
Number of Political Parties 2
84%
First President Simon Bolivar
83%
Number of Departments 32
81%
How many civil wars has Colombia fought in? 8
68%
Current President Gustavo Petro
68%
Former Colony of... Spain
65%
Year of Independence 1819
63%
Number of Wars Fought 27
43%
Axis or Allied WW2 Allied
42%
Number of Presidents: 34
38%
Closest Ally Argentina
30%
Rank in Military Charts 46
26%
Form of Government Democracy
21%
No matching quizzes found
Score Distribution
Percent of People with Each Score
Percentile by Number Answered
Your Score History
You have not taken this quiz